Statistics for Top 10 Biggest Economies in Africa

Click here to take the quiz!

General Stats

  • This quiz has been taken 47,391 times
    (12,923 since last reset)
  • The average score is 9 of 10

Answer Stats

GDP Country % Correct
809 bilSouth Africa
100%
1496 bilEgypt
99%
1233 bilNigeria
96%
339 bilMorocco
94%
691 bilAlgeria
93%
210 bilKenya
90%
269 bilEthiopia
85%
212 bilTanzania
82%
209 bilAngola
71%
226 bilGhana
69%

Score Distribution

Percentile by Number Answered

Percent of People with Each Score

Your Score History

You have not taken this quiz since the last reset